ASP.NET MVC 3 Framework с примерами на С # для профессионалов (Запис № 392510)
[ простий вигляд ]
| 000 -Лідер | |
|---|---|
| fixed length control field | 02382nam a22003257a 4500 |
| 003 - Ідентифікатор контрольного номера | |
| control field | UA-OsUOA |
| 001 - Контрольний номер | |
| control field | 106011 |
| 007 - Фіксоване поле фізичного опису | |
| fixed length control field | ta |
| 008 - Елементи даних фіксованої довжини – загальна інформація | |
| fixed length control field | 20140424b un ||||| |||| 00| 0 ukr d |
| 090 ## - Локальний шифр розміщення | |
| Класифікаційний індекс УДК | 004.4 |
| Авторський знак (НП) | Ф88 |
| 040 ## - Джерело каталогізації | |
| Агенція оригінальної каталогізації | UA-OsUOA |
| Мова каталогізації | rus |
| Агенція, яка здійснювала перезапис | UA-OsUOA |
| Агенція, яка здійснювала модифікацію | UA-OsUOA |
| 041 ## - Код мови | |
| Код мови тексту/ звукової доріжки чи окремого заголовка (П) | rus |
| 080 ## - Індекс Універсальної десяткової класифікації | |
| Індекс Універсальної десяткової класифікації (УДК) (НП) | 004.4 |
| 020 ## - Міжнародний стандартний книжковий номер (ISBN) | |
| Міжнародний стандартний книжковий номер (ISBN) (НП) | 978-5-8459-1758-4 |
| 100 ## - Основне введення – ім’я особи | |
| Ім’я особи (НП) | Фримен А. |
| 245 ## - Відомості про назву | |
| Назва (НП) | ASP.NET MVC 3 Framework с примерами на С # для профессионалов |
| 260 ## - Публікація, розповсюдження і т.п. (Вихідні дані) | |
| Місце публікації, розповсюдження і т.п. (П) | М. |
| Ім’я/ наймення видавництва, розповсюджувача і т.п. (П) | И. Д. Вильямс |
| Дата публікації, розповсюдження і т.п. (П) | 2012 |
| 250 ## - Відомості про видання (редакцію) | |
| -- | 3-е изд. |
| 300 ## - Фізичний опис | |
| Обсяг | 672 с. |
| 520 3# - Резюме і т.п. | |
| Резюме, реферат, анотація, тощо (НП) | Оглавление Об авторах Часть I. Введение в ASP.NET MVC Глава 1. Основная идея Глава 2. Подготовка Глава 3. Ваше первое приложение MVC Глава 4. Архитектурный шаблон MVC Глава 5. Важные функциональные возможности языка Г |
| 520 3# - Резюме і т.п. | |
| Резюме, реферат, анотація, тощо (НП) | лава 6. Инструменты, важные для MVC Глава 7. SportsStore: реальное приложение Глава 8. SportsStore: навигация и корзина для покупок Глава 9. SportsStore: администрированиеЧасть II. Детальные сведения об ASP.NET MVC Глава 10. Об |
| 520 3# - Резюме і т.п. | |
| Резюме, реферат, анотація, тощо (НП) | зор проектов MVC Глава 10. Обзор проектов MVC Глава 11. URL, маршрутизация и области Глава 12. Контроллеры и действия Глава 13. Фильтры Глава 14. Расширяемость контроллеров Глава 15. Представления Глава 16. Шаблоны модели |
| 520 3# - Резюме і т.п. | |
| Резюме, реферат, анотація, тощо (НП) | Глава 17. Привязка модели Глава 18. Проверка достоверности модели Глава 19. Ненавязчивый Ajax Глава 20. JQueryЧасть III. Доставка успешных проектов ASP.NET MVC Глава 21. Безопасность и уязвимость Глава 22. Аутентифик |
| 520 3# - Резюме і т.п. | |
| Резюме, реферат, анотація, тощо (НП) | ация и авторизация Глава 23. Развертывание |
| 650 #7 - Додаткове предметне введення – тематичний термін | |
| Тематичний термін чи географічна назва, як елемент введення (НП) | 00 Загальні питання науки і культури |
| Джерело заголовка чи терміна | UDC |
| 700 ## - Додаткове введення – ім'я особи | |
| Ім’я особи (НП) | Сандерсон С. |
| 942 ## - Додаткові елементи входу (Коха) | |
| Тип елемента Koha | Книги |
| 955 ## - Код типу видання за змістом | |
| Код типу видання за змістом (НП) | Навчальні видання |
| Стан вилучень | Стан втрат | Джерело класифікації або схеми стелажів | Стан уражень | Не для кредиту | Постійне місце розташування | Поточне розміщення | Дата придбання | Джерело придбання | Вартість, звичайна ціна покупки | Інвентарний номер | Усього замовленно | Повний номер виклику | Штрих-код | Дата останнього перегляду | Дата останньої перевірки | Ціна ефективна від | Тип елемента Koha |
|---|---|---|---|---|---|---|---|---|---|---|---|---|---|---|---|---|---|
| Universal Decimal Classification | ЧЗ - Читальна зала | ЧЗ - Читальна зала | 24/04/2014 | 18/2014 | 360.00 | 145461 | 1 | 004.4 Ф88 | 145461 | 13/10/2021 | 21/08/2020 | 24/04/2014 | Книги |